1941 1713 1275 1528 1784 1455 1626 1078 1694 1443 1498 1281 1686 1896 1144 1175 1502 1410 1924 1719 1414 1477 1401 1170 1179 1252 1693 1845 1838 1386 1205 1067 1449 1485 1417 1079 1378 1871 1112 1873 1655 1968 1658 1727 1553 1479 1674 1466 1025 1495 1154 1273 1131 1310 1185 1536 1308 1189 1317 1462 1029 1628 1488 1826 1044 1955 1896 1730 1371 1272 1224 1397 1312 1498 1503 1498 1901 1235 1220 1902 1382 1462 1083 1306 1233 1011 1386 1989 1996 1327 1446 1030 1953 1735 1326 1436 1492 1988 1091 BCNSPRNW ULIB Ver.6.0+V

เปลี่ยนเป็นภาษาไทย

Change to English
 แสดงรายละเอียดบรรณานุกรม
  กลับหน้าหลัก

Brief Record : Get Marc (ISO 2709) : E-mail record : QR code < ปิดหน้าต่าง
LEADER : 00000nam 2200000uu 4500
001    13399123030
003     ULIB
008    131128s2555||||th 000 0 tha d
020    ^a9786162142789
090    ^aนว^bพ187พ ล.27
100 0  ^aพนมเทียน
245 10 ^aเพชรพระอุมา: จอมพราน เล่ม 3/^cพนมเทียน
250    ^aพิมพ์รวมเล่มครั้งที่ 6
260    ^aกรุงเทพฯ :^bณ บ้านวรรณกรรม,^c2555
300    ^a332 หน้า
505 00 ^a^gล.1-4^tไพรมหากาฬ --^gล.5-8^tดงมรณะ -- ^gล.9-12^tจอมผีดิบมันตรัย -- ^gล.13-16^tอาถรรพณ์นิทรานคร -- ^gล.17-20^tป่าโลกล้านปี -- ^gล.21-24^tแงซายจอมจักรา -- ^gล.25-28^tจอมพราน -- ^gล.29-32^tไอ้งาดำ -- ^gล.33-36^tจิตรางคนางค์-- ^gล.37-40^tนาคเทวี -- ^gล.41-44^tแด่ปางบรรพ์ -- ^gล.45-48^tมงกุฎไพร
650  4 ^aนวนิยายไทย
945    ^p225^l0^i034231
999    ^aเกษร โพธิ์สุวรรณ
รายการนี้ยังไม่มีแท็ก
คุณยังไม่ได้ล็อกอิน คุณสามารถมีกิจกรรมร่วมกับเว็บไซต์ได้ แต่ต้องล็อกอินก่อน ::
  ล็อกอิน

รายการสื่อสารสนเทศ

ลำดับที่ ประเภท เลขเรียก/บาร์โค้ด สถานที่ สถานะ
1. นวนิยาย
นวนิยาย
นว พ187พ ล.27 ฉ.1 
  Barcode: 034231
ห้องสมุดวิทยาเขตสวรรค์ประชารักษ์
►นวนิยาย
บนชั้น
  ขอยืม

รายการใกล้เคียง
    ผู้แต่ง [พนมเทียน]

    หัวเรื่อง [นวนิยายไทย]

BibComment


ยังไม่เคยถูกคอมเมนท์

คอมเมนท์ทรัพยากรรายการนี้
  คอมเมนท์: เพชรพระอุมา จอมพ..


 Copyright 2026. Bcnsprnw @Library